000 01536cam a2200313 a 4500
001 653
005 20230926102218.0
020 _a088106887X (library reinforced)
020 _a0881068861 (hardcover)
020 _a0881068853 (softcover)
040 _aDLC
_cDLC
_dDLC
_beng
050 0 0 _aQL122.2
_b.M36 1995
082 0 0 _a591.3/9/09162
_220
100 1 _aMallory, Kenneth.
245 1 0 _aFamilies of the deep blue sea /
_cby Kenneth Mallory ; illustrated by Marshall Peck III.
260 _aWatertown, MA :
_bCharlesbridge,
_c1995.
300 _a32 unnumbered pages :
_bcolor illustrations ;
_c22 x 28 cm.
505 _aJ
520 _aDo you know how saltwater families live? What would it be like to grow up with a tail and fins? We expect to see fish living in water, but what about mammals like polar bears, walruses, and whales, or birds such as penguins, or reptiles like sea turtles? They spend most of their lives in the water, too. How would it feel to be born, to grow, to play and explore the way these ocean-dwelling animals do? Here's your chance to find out. Jump in and learn the saltwater secrets of growing up in the sea.
521 _a480
_bLexile estimate
521 _aJ
_bRaz-Plus
650 0 _aMarine animals
_xInfancy
_xJuvenile literature.
650 0 _aParental behavior in animals.
650 1 _aMarine animals
_xInfancy.
650 1 _aParental behavior in animals.
700 1 _aPeck, Marshall H.
_eillustrator.
906 _a7
_bcbc
_corignew
_d1
_eocip
_f19
_gy-gencatlg
942 _2ddc
_cBK
_n0
999 _c653
_d653